000 00535nam a22001937a 4500
003 MPLRDC
005 20220105061124.0
008 210129b ||||| |||| 00| 0 eng d
020 _a978-986-5671-96-9
082 _a963.09 GRE
100 _a凯蒂·葛林伍德 KATIE GREENWOOD
245 _a百年辞典
_c吕奕欣 译
250 _a初版一刷
260 _a台湾
_b漫游者文化事业股份有限公司
_c2016
300 _b
520 _a上架 2017-11-16。
650 _a色彩学历史
942 _cBK
_o963.09 GRE
999 _c69124
_d69114